Регионална библиотека "Любен Каравелов" - Русе

Ръководство за практически занятия по ботаника (Запис номер 442801)

MARC детайли
000 -Лидер
Контролно поле с фиксирана дължина nam a22 a 4500
003 - Код на организацията, давaща контролен номер
Контролно поле BLK
005 - Дата и час на последна редакция
Контролно поле 20221208031153.0
008 - Елементи от данни с фиксирана дължина
fixed length control field 200316b bul|||||r ||||||| ||bul||
040 ## - Източник на каталожния запис
Идентификатор на билиотеката - собственик на записа BLK
041 ## - Код за език
Код за езика на текст/звукозапис или на отделно заглавие Български
Код за езика КДБФ Български
080 ## - УДК
Текстов определител УДК Ботаника. Вж и 631/635, Ботанически резервати вж 502.7
УДК код - определител по УДК 58
УДК определител (02)
УДК - код + определител 58(02)
100 ## - Редна дума - Автор
Автор Дочева-Попова, Ружа
Авторска отговорност първи автор
R(LIN) 1299
139 ## - Редно поле
Редна дума Дочева-Попова, Ружа и др.
245 10 - Сведения за заглавието
Заглавие Ръководство за практически занятия по ботаника
Редно поле (дума) Ружа Дочева-Попова; съавт. Илия Яков.
257 ## - Страна на издаване
Страна на създаване/издаване България
260 ## - Област на издателските данни
Място на издаване, разпространение и проч. София
Име на издателя, разпространителя и проч. Нар. просв.
Година на издаване 1956
9 (RLIN) 216179
300 ## - Физическа характеристика
Страници 200 с., 3 л.
Илюстрации и др. цв. ил. : с ил.
Размери/Мащаб 23 см
380 ## - Жанр
Жанр Естествени науки. Математика
500 ## - Общи забележки
Забележка 2 000 тир. - Азбучен указател
650 #0 - Допълнително описание по предмет – тема
Основно описание – тема или топоним Ботаника - енциклопедии и справочници
9 (RLIN) 287277
653 #7 - Ключова дума – ненормативна
Ключова дума ботаника
9 (RLIN) 182340
653 #7 - Ключова дума – ненормативна
Ключова дума практически занятия
9 (RLIN) 194359
700 ## - Други автори (авторска отговорност)
Лично име Яков, Илия Първанов
Автороска отговорност (Описва отношението между автора и произведението) съавт.
9 (RLIN) 1445
852 ## - Местоположение
Форматна сигнатура Цб 3787
Фондова буква Основен фонд - ползва се само за читалня
999 ## - СИСТЕМНИ КОНТРОЛНИ НОМЕРА
Koha biblionumber 442801
Koha biblioitemnumber 442801
942 ## - АРТИКУЛИ
Вид на библиотечния материал Книги
Скрит в OPAC Не
Периодичен библиозапис Да
944 ## - СЪЗДАВАНЕ И РЕДАКЦИЯ на ЗАПИСА
Създаване/Редакция Създаване
Дата на регистрацията/редакция 2022-02-01
Служител, извършил регистрацията/редакцията СТ
Наличности
Код за отписване Код за изгубен артикул Източник на класификационната схема Код за повреда Коз за рестрикции Код за отдаване Артикулен № Име на библиотеката - собственик Име на библиотеката, в която се намира в момента Статус (Текущо местоположение) Дата на вписване в системата Местоположение - отдел Цена в лева Инвентарен номер Систематично азбучна сигнатура Баркод Цена в евро Служебен тип на артикула
  Не е изгубен Universal Decimal Classification Не е повреден само за читалня ползва се в читалня 869312 Регионална библиотека "Любен Каравелов" Русе Регионална библиотека "Любен Каравелов" Русе Хранилище 2022-02-02 Основен фонд - ползва се само за читалня 0.87 8999/56 Цб 3787 900000051193 0.44 Книги
Vip Innovations Ltd, Rousse, Bulgaria 2025